Landmarks In Their Native Language - Statistics

General Stats
  • This quiz has been taken 19 times
  • The average score is 5 of 16
Answer Stats
Hint Answer % Correct
La Tour Eiffel Eiffel Tower
100%
Cristo Redentor Christ The Redeemer
78%
Chángchéng Great Wall of China
67%
Torre pendente Leaning Tower of Pisa
61%
Schloss Neuschwanstein Neuschwanstein Castle
50%
Ayasofya Hagia Sophia
44%
Salto Ángel Angel Falls
39%
Cloch na Blarnan Blarney Stone
33%
al'ahramat Pyramids Of Giza
17%
La Sagrada Familia The Holy Family
17%
Bláa lónið Blue Lagoon
11%
Kōkyo Imperial Palace Of Japan
6%
Bimujangjidae Korean Demilitarized Zone
6%
Naós tou Diós Temple Of Zeus
6%
Wạd phra kæ̂w The Temple of the Emerald Buddha
6%
Hakotel Hamaarvi Western Wall
6%
No matching quizzes found
Score Distribution
Percent of People with Each Score
Percentile by Number Answered
Your Score History
You have not taken this quiz